000 00269nam a2200097Ia 4500
082 _a822.4 TWO
245 0 _a2 + 2 plays
100 _a Baxter Theatre (Cape Town, South Africa) Cape Town, 2000
_953458
942 _cBK
008 210817s9999 xx 000 0 und d
999 _c169561
_d169560